000 00513nam a22001817a 4500
003 OSt
005 20260422090456.0
008 260422b |||||||| |||| 00| 0 eng d
020 _a971-150-089-2
040 _aDWC-Main Lib.
_cOC
082 _aFil. 190 D49s 1992
100 _aDe Villa, Agrecio PH.D
245 _aSocial-Political Philosophy/
_cAgrecio De Villa, PH.D
260 _bKatha Publishing Co., Inc.
300 _a207 p. ;
_c25 cm.
500 _aInclude index.
942 _2ddc
_cBK - FIL
_hFil.
_n0
999 _c9743
_d9743